000 00785nam a2200205 i 4500
001 17757
003 ES-MaACL
005 20251104184004.0
007 t|
008 010517s1911 sp ||||1| spa d
080 _a929 Aguirre de Tejada, Manuel, Conde de Tejada de Valdosera
100 1 _aUgarte y Pagés, Javier.
_9111900
245 1 0 _aNecrología del Excmo. Sr. D. Manuel Aguirre de Tejada O'Neale, Conde de Tejada de Valdosera.... /
_cleida ... por Javier Ugarte.
260 _aMadrid :
_b[s.n.],
_c1911.
300 _a16 p. ;
_c27 cm.
600 1 4 _aAguirre de Tejada O'Neale y Eulate, Manuel,
_cConde de Tejada de Valdosera
_918868
710 2 _aReal Academia de Ciencias Morales y Políticas (España)
_9222050
852 _aES-MaACL
_j2165-F-13
999 _c17757
_d17757